000
00300 a2200157 4500
001
59387
020
_a
8510020140
040
_c
Anchieta - Pituba
100
_a
Ribeiro, Vanise
240
1
0
_a
Brasil
_l
por
245
1
0
_a
Brasil
300
_a
160
362
0
_a
1996
650
4
_a
Brasil
942
_c
BK
999
_c
59387
_d
59387